Africa to 2000 and beyond : (Record no. 554)

MARC details
000 -LEADER
fixed length control field 00990nam a2200301 a 4500
001 - CONTROL NUMBER
control field 669426
003 - CONTROL NUMBER IDENTIFIER
control field OSt
005 - DATE AND TIME OF LATEST TRANSACTION
control field 20230606103121.0
008 - FIXED-LENGTH DATA ELEMENTS--GENERAL INFORMATION
fixed length control field 950126s1994 ke 000 0 eng
010 ## - LIBRARY OF CONGRESS CONTROL NUMBER
LC control number 94983458
020 ## - INTERNATIONAL STANDARD BOOK NUMBER
International Standard Book Number 9966468471
040 ## - CATALOGING SOURCE
Original cataloging agency DLC
Transcribing agency DLC
042 ## - AUTHENTICATION CODE
Authentication code lcode
043 ## - GEOGRAPHIC AREA CODE
Geographic area code f------
050 00 - LIBRARY OF CONGRESS CALL NUMBER
Classification number HC800
Item number .N358 1994
082 00 - DEWEY DECIMAL CLASSIFICATION NUMBER
Classification number 338.96
Item number NDE
100 1# - MAIN ENTRY--PERSONAL NAME
Personal name Ndegwa, Philip.
245 10 - TITLE STATEMENT
Title Africa to 2000 and beyond :
Remainder of title imperative political and economic agenda /
Statement of responsibility, etc. Philip Ndegwa and Reginald Herbold Green.
260 ## - PUBLICATION, DISTRIBUTION, ETC. (IMPRINT)
Place of publication, distribution, etc. Nairobi :
Name of publisher, distributor, etc. East African Educational Publishers,
Date of publication, distribution, etc. 1994.
300 ## - PHYSICAL DESCRIPTION
Extent viii, 131 p. ;
Dimensions 21 cm.
650 #0 - SUBJECT ADDED ENTRY--TOPICAL TERM
Topical term or geographic name as entry element Economic forecasting
Geographic subdivision Africa.
651 #0 - SUBJECT ADDED ENTRY--GEOGRAPHIC NAME
Geographic name Africa
General subdivision Economic policy.
651 #0 - SUBJECT ADDED ENTRY--GEOGRAPHIC NAME
Geographic name Africa
General subdivision Economic conditions
Chronological subdivision 1960-
700 1# - ADDED ENTRY--PERSONAL NAME
Personal name Green, Reginald Herbold.
906 ## - LOCAL DATA ELEMENT F, LDF (RLIN)
a 7
b cbc
c origode
d 3
e ncip
f 19
g y-gencatlg
942 ## - ADDED ENTRY ELEMENTS (KOHA)
Source of classification or shelving scheme Dewey Decimal Classification
Koha item type Books
Holdings
Withdrawn status Lost status Source of classification or shelving scheme Damaged status Not for loan Home library Current library Date acquired Total Checkouts Full call number Barcode Date last seen Price effective from Koha item type
    Dewey Decimal Classification     Bunge Tower Library Bunge Tower Library 06/06/2023   338.96 NDE 10013400 06/06/2023 06/06/2023 Books
    Dewey Decimal Classification     Bunge Tower Library Bunge Tower Library 06/06/2023   338.96 NDE 10013287 06/06/2023 06/06/2023 Books
    Dewey Decimal Classification     Bunge Tower Library Bunge Tower Library 06/06/2023   338.96 NDE 10012130 06/06/2023 06/06/2023 Books
    Dewey Decimal Classification     Bunge Tower Library Bunge Tower Library 06/06/2023   338.96 NDE 10013173 06/06/2023 06/06/2023 Books
LIBRARY OPENING HOURS

When the Parliament is sitting: 8.00a.m - 7.00p.m or until the house adjourns
Mondays and Fridays and when the House is on Recess:  8.00a.m - 5.00p.m
Closed on Weekends and Public Holidays

Online Public Access Catalog (OPAC)
Website: http://www.parliament.go.ke
Bunge Library: https://libraryir.parliament.go.ke
Contact: library@parliament.go.ke | Tel no: (254-2)2221291 or 2848000 Ext 5043